000 00797cam a2200265 a 4500
001 2476509
005 20171219040817.0
008 900510r19891949nmuaf b 000 0beng
010 _a 90154061
020 _a0944383068
040 _aDLC
_cDLC
_dDLC
041 _aeng
043 _an-mx---
_an-us-nm
080 _a972.0816
082 0 0 _a972.0816 HAR
_220
100 1 _a18
101 _aHIS
240 1 0 _aPancho Villa and the Columbus Raid
245 1 0 _aPancho Villa :
_cby Larry A. Harris.
504 _a"Selected bibliography on Pancho Villa & the Mexican Revolution": p. xvi-xviii.
740 0 _aStrong man of the Revolution.
906 _a7
_bcbc
_corignew
_d2
_encip
_f19
_gy-gencatlg
942 _2ddc
_cBK
999 _c39145
_d39145